书目信息 |
| 题名: |
植物工厂系统与实践
|
|
| 作者: | 刘文科 , 魏灵玲 , 杨其长 著 | |
| 分册: | ||
| 出版信息: | 北京 化学工业出版社 2012.11 |
|
| 页数: | 134页 | |
| 开本: | 24cm | |
| 丛书名: | ||
| 单 册: | ||
| 中图分类: | S-39 | |
| 科图分类: | ||
| 主题词: | 农业技术--高技术--研究 | |
| 电子资源: | ||
| ISBN: | 978-7-122-14687-8 | |
| 000 | 01682nam0 2200301 45 | |
| 001 | 1355431124 | |
| 005 | 20130513145508.62 | |
| 010 | @a978-7-122-14687-8@dCNY69.00 | |
| 100 | @a20130108d2012 em y0chiy0121 ea | |
| 101 | 0 | @achi |
| 102 | @aCN@b110000 | |
| 105 | @aak a 000yy | |
| 106 | @ar | |
| 200 | 1 | @a植物工厂系统与实践@AZhi Wu Gong Chang Xi Tong Yu Shi Jian@dPlant factory : system and practice@f杨其长 ... [等] 著@FYang Qi Chang ... [ Deng ] Zhu@zeng |
| 210 | @a北京@c化学工业出版社@d2012.11 | |
| 215 | @a134页@c彩图@d24cm | |
| 304 | @a题名页题: 杨其长, 魏灵玲, 刘文科, 程瑞锋著 | |
| 312 | @a英文并列题名取自封面 | |
| 320 | @a有书目 (第129-134页) | |
| 330 | @a植物工厂是解决未来粮食问题的技术方法, 受到世界瞩目, 发达国家已应用于生产实践。我国近年来植物工厂发展迅速, 植物工厂的一些关键技术均取得了重大突破。本书以作者在植物工厂领域各项关键技术方面获得的具有我国自主知识产权的研究成果为核心, 分析了植物工厂基本概念、发展意义以及国内外发展历程; 介绍了植物工厂的工艺与系统构成、环境控制系统、LED 人工光源系统、营养液栽培与控制系统、蔬菜品质调控等相关结构与配套技术体系, 并介绍了我国植物工厂领域具体的技术方法、各项创新性研究成果 ; 本书还通过对家庭微型植物工厂、典型植物工厂案例与技术经济分析等内容的介绍, 为读者了解我国植物工厂的发展成果、分析技术经济的可行性提供了有价值的参考 ; 此外本书还对植物工厂发展趋势、未来热点领域以及我国今后发展思路进行了阐述。 | |
| 510 | 1 | @aPlant factory : system and practice@zeng |
| 606 | 0 | @a农业技术@x高技术@x研究 |
| 690 | @aS-39@v5 | |
| 701 | 0 | @a刘文科@ALiu Wen Ke@4著 |
| 701 | 0 | @a魏灵玲@AWei Ling Ling@4著 |
| 701 | 0 | @a杨其长@AYang Qi Chang@4著 |
| 801 | @aCN@bTANGWEI@c20130111 | |
| 905 | @b0831322-24@dS-39@e44@f3 | |
| 植物工厂系统与实践=Plant factory : system and practice/杨其长 ... [等] 著.-北京:化学工业出版社,2012.11 |
| 134页:彩图;24cm |
| ←并列题名:Plant factory : system and practice |
| ISBN 978-7-122-14687-8:CNY69.00 |
| 植物工厂是解决未来粮食问题的技术方法, 受到世界瞩目, 发达国家已应用于生产实践。我国近年来植物工厂发展迅速, 植物工厂的一些关键技术均取得了重大突破。本书以作者在植物工厂领域各项关键技术方面获得的具有我国自主知识产权的研究成果为核心, 分析了植物工厂基本概念、发展意义以及国内外发展历程; 介绍了植物工厂的工艺与系统构成、环境控制系统、LED 人工光源系统、营养液栽培与控制系统、蔬菜品质调控等相关结构与配套技术体系, 并介绍了我国植物工厂领域具体的技术方法、各项创新性研究成果 ; 本书还通过对家庭微型植物工厂、典型植物工厂案例与技术经济分析等内容的介绍, 为读者了解我国植物工厂的发展成果、分析技术经济的可行性提供了有价值的参考 ; 此外本书还对植物工厂发展趋势、未来热点领域以及我国今后发展思路进行了阐述。 |
| ● |
| 相关链接 |
|
|
|
|
正题名:植物工厂系统与实践
索取号:S-39/44
 
预约/预借
| 序号 | 登录号 | 条形码 | 馆藏地/架位号 | 状态 | 备注 |
| 1 | 0831322 | 208313225 | 第二样本阅览室/ [索取号:S-39/44] | 在馆 | |
| 2 | 0831323 | 208313234 | 第三借阅区/ [索取号:S-39/44] | 在馆 | |
| 3 | 0831324 | 208313243 | 第三借阅区/ [索取号:S-39/44] | 在馆 |